000 00462nam a2200193Ia 4500
999 _c6228
_d6228
003 0100
008 130227s9999 xx 000 0 und d
040 _cARRUPELIB
050 _aDT515.45.T58T6833
100 _aTorkula, Alfred Akawe
_932430
245 4 _aThe cosmology in Tiv worldview
260 _bOracle Business Limited
_aMakurdi
_c2006
300 _a163p.
300 _b 23 cm
650 _bTiv (African people)
_xSocial life and customs
_932432
942 _2lcc
_cMONOGRAPH